Giống lợn và các công thức lại lợn mới ở Việt Nam
Gt các giống lợn ở Việt Nam, các công thức lai, trình bày pp theo dõi và tính toán 1 số chỉ tiêu kinh tế kt đối với lợn giống sinh sản.
Đã lưu trong:
| Tác giả chính: | |
|---|---|
| Định dạng: | Sách |
| Năm xuất bản: |
H.
Nông nghiệp
2006
|
| Chủ đề: | |
| Tags: |
Thêm thẻ
Không có thẻ, Hãy là người đầu tiên gắn thẻ bản ghi này!
|
| LEADER | 02229nam a2200289 4500 | ||
|---|---|---|---|
| 999 | |c 6308 |d 6308 | ||
| 082 | |a 636.4 |b NG527TH | ||
| 100 | |a Nguyễn Thiện | ||
| 245 | |a Giống lợn và các công thức lại lợn mới ở Việt Nam |c Nguyễn Thiện | ||
| 260 | |a H. |b Nông nghiệp |c 2006 | ||
| 300 | |a 115 tr. |c 21 cm | ||
| 520 | |a Gt các giống lợn ở Việt Nam, các công thức lai, trình bày pp theo dõi và tính toán 1 số chỉ tiêu kinh tế kt đối với lợn giống sinh sản. | ||
| 653 | |a KT nông nghiệp | ||
| 653 | |a Chăn nuôi | ||
| 653 | |a Lợn giống | ||
| 653 | |a Việt Nam | ||
| 942 | |2 ddc |c STK0 | ||
| 952 | |0 0 |1 0 |2 ddc |4 0 |6 636_400000000000000_NG527TH |7 0 |8 600 |9 58442 |a qbu |b qbu |c D3 |d 2015-01-16 |g 23000 |o 636.4 NG527TH |p 6144.c1 |r 0000-00-00 |w 2015-01-16 |y STK0 | ||
| 952 | |0 0 |1 0 |2 ddc |4 0 |6 636_400000000000000_NG527TH |7 0 |8 600 |9 58443 |a qbu |b qbu |c D3 |d 2015-01-16 |g 23000 |o 636.4 NG527TH |p 6144.c2 |r 0000-00-00 |w 2015-01-16 |y STK0 | ||
| 952 | |0 0 |1 0 |2 ddc |4 0 |6 636_400000000000000_NG527TH |7 0 |8 600 |9 58444 |a qbu |b qbu |c D3 |d 2015-01-16 |g 23000 |o 636.4 NG527TH |p 6144.c3 |r 0000-00-00 |w 2015-01-16 |y STK0 | ||
| 952 | |0 0 |1 0 |2 ddc |4 0 |6 636_400000000000000_NG527TH |7 0 |8 600 |9 58445 |a qbu |b qbu |c D3 |d 2015-01-16 |g 23000 |o 636.4 NG527TH |p 6144.c4 |r 0000-00-00 |w 2015-01-16 |y STK0 | ||
| 952 | |0 0 |1 0 |2 ddc |4 0 |6 636_400000000000000_NG527TH |7 0 |8 600 |9 58446 |a qbu |b qbu |c D3 |d 2015-01-16 |g 23000 |o 636.4 NG527TH |p 6144.c5 |r 0000-00-00 |w 2015-01-16 |y STK0 | ||
| 952 | |0 0 |1 0 |2 ddc |4 0 |6 636_400000000000000_NG527TH |7 0 |8 600 |9 58447 |a qbu |b qbu |c D3 |d 2015-01-16 |g 23000 |o 636.4 NG527TH |p 6144.c6 |r 0000-00-00 |w 2015-01-16 |y STK0 | ||
| 952 | |0 0 |1 0 |2 ddc |4 0 |6 636_400000000000000_NG527TH |7 0 |8 600 |9 58448 |a qbu |b qbu |c D3 |d 2015-01-16 |g 23000 |o 636.4 NG527TH |p 6144.c7 |r 0000-00-00 |w 2015-01-16 |y STK0 | ||
| 952 | |0 0 |1 0 |2 ddc |4 0 |6 636_400000000000000_NG527TH |7 0 |8 600 |9 58449 |a qbu |b qbu |c D3 |d 2015-01-16 |g 23000 |o 636.4 NG527TH |p 6144.c8 |r 0000-00-00 |w 2015-01-16 |y STK0 | ||
| 952 | |0 0 |1 0 |2 ddc |4 0 |6 636_400000000000000_NG527TH |7 0 |8 600 |9 58450 |a qbu |b qbu |c D3 |d 2015-01-16 |g 23000 |o 636.4 NG527TH |p 6144.c9 |r 0000-00-00 |w 2015-01-16 |y STK0 | ||
| 952 | |0 0 |1 0 |2 ddc |4 0 |6 636_400000000000000_NG527TH |7 0 |8 600 |9 58451 |a qbu |b qbu |c D3 |d 2015-01-16 |g 23000 |o 636.4 NG527TH |p 6144.c10 |r 0000-00-00 |w 2015-01-16 |y STK0 | ||